Wszystkie Postacie LOL-2023 - Statystyki

Ogólne statystyki
  • Ten quiz został rozwiązany 112 razy
  • Średni wynik to 136 z 163
Statystyki odpowiedzi
Postacie czy coś % Poprawnych
Aatrox | Ahri | Akali | +9 others A
96%
Bard | Bel veth | Blitzcrank | +2 others B
93%
Caitlyn | Camille | Casiopeia | +2 others C
89%
Darius | Diana | Dr mundo | Draven D
85%
Ekko | Elise | Evelynn | Ezreal E
85%
Fiddlesticks | Fiora | Fizz F
85%
Galio | Gangplank | Garen | +4 others G
85%
Hecarim | Heimerdinger H
85%
Janna | Jarvan IV | Jax | +3 others J
85%
Rakan | Rammus | Rek sai | +7 others R
85%
Samira | Sejuani | Senna | +14 others S
85%
Illaoi | Irelia | Ivern I
81%
K sante | Kai sa | Kalista | +11 others K
81%
Leblanc | Lee sin | Leona | +5 others L
81%
Varus | Vayne | Veigar | +7 others V
81%
Xayah | Xerath | Xin zhao X
81%
Zac | Zed | Zeri | +4 others Z
81%
Malphite | Malzahar | Maokai | +5 others M
78%
Nami | Nasus | Nautilus | +5 others N
78%
Olaf | Orianna | Ornn O
78%
Pantheon | Poppy | Pyke P
78%
Qiyana | Quinn Q
78%
Tahm kench | Taliyah | Talon | +8 others T
78%
Udyr | Urgot U
78%
Warwick | Wukong W
78%
Yasuo | Yone | Yorick | Yuumi Y
78%
Nie znaleziono quizów pasujących do podanych kryteriów
Rozkład punktacji
Procent ludzi z każdym wynikiem
Percentyl według liczby udzielonych odpowiedzi
Twoja historia wyników
Nie rozwiązałeś tego quizu